Frankfurter Stadtteile - Statistiken

Allgemein
  • Dieses Quiz wurde 985 mal gespielt
  • Das Durchschnittsergebnis liegt bei 28 aus 46
Antwortstatistiken
Beitritt Antwort % Korrekt
1928 Nied
91%
1866 Sachsenhausen-Nord
87%
1866 Sachsenhausen-Süd
87%
1877 Bornheim
82%
1900 Niederrad
81%
1866 Westend-Nord
78%
1866 Westend-Süd
78%
1866 Gallus
77%
1928 Höchst
77%
1866 Innenstadt
76%
1866 Ostend
72%
1900 Oberrad
71%
1895 Bockenheim
70%
1866 Nordend-Ost
69%
1866 Nordend-West
69%
1866 Bahnhofsviertel
67%
1910 Bonames
64%
1972 Bergen-Enkheim
62%
1866 Altstadt
61%
1910 Eschersheim
61%
1928 Fechenheim
61%
1910 Ginnheim
61%
1910 Praunheim
61%
1972 Kalbach-Riedberg
60%
1928 Griesheim
59%
1910 Rödelheim
59%
1928 Schwanheim
59%
1910 Hausen
58%
1866 Flughafen
57%
1910 Preungesheim
57%
1910 Heddernheim
56%
1866 Gutleutviertel
54%
1910 Dornbusch
53%
1910 Frankfurter Berg
52%
1910 Niederursel
51%
1910 Eckenheim
46%
1900 Seckbach
43%
1972 Nieder-Eschbach
40%
1866 Riederwald
40%
1928 Sindlingen
39%
1928 Zeilsheim
39%
1910 Berkersheim
37%
1928 Sossenheim
36%
1928 Unterliederbach
33%
1972 Harheim
31%
1972 Nieder-Erlenbach
31%
Keine übereinstimmenden Quizze gefunden
Verteilung der Resultate
Anzahl Personen mit jedem Resultat
Perzentil nach korrekt beantworteten Fragen
Ihre Resultats-Entwicklung
Sie haben dieses Quiz noch nicht gespielt